Online
Catalog

Eros y civilización / (Record no. 34975)

MARC details
000 -CABECERA
campo de control de longitud fija 00759nam a2200193 a 4500
001 - NÚMERO DE CONTROL
campo de control 000035484
005 - FECHA Y HORA DE LA ÚLTIMA TRANSACCIÓN
campo de control 20250526115843.0
008 - DATOS DE LONGITUD FIJA--INFORMACIÓN GENERAL
campo de control de longitud fija 111102s1970 sp 000 0 spa d
040 ## - FUENTE DE LA CATALOGACIÓN
Centro catalogador/agencia de origen DO-SdBNP
Lengua de catalogación spa
Centro/agencia transcriptor BNPHU
082 ## - NÚMERO DE LA CLASIFICACIÓN DECIMAL DEWEY
Número de clasificación xxxx
Número de documento/Ítem M322e
100 1# - ENTRADA PRINCIPAL--NOMBRE DE PERSONA
Nombre de persona Marcuse, Herbert,
Fechas asociadas al nombre 1898-1979
9 (RLIN) 5128
240 10 - TÍTULO UNIFORME
Título uniforme Eros and civilization: a philosophical inquiry into Freud
Lenguaje de la obra español
245 10 - MENCIÓN DE TÍTULO
Título Eros y civilización /
Mención de responsabilidad, etc. Herbert Marcuse ; traducción de Juan García Ponce.
260 ## - PUBLICACIÓN, DISTRIBUCIÓN, ETC.
Lugar de publicación, distribución, etc. Barcelona, España :
Nombre del editor, distribuidor, etc. Seix Barral,
Fecha de publicación, distribución, etc. 1970.
300 ## - DESCRIPCIÓN FÍSICA
Extensión 253 p. ;
Dimensiones 19 cm.
490 1# - MENCIÓN DE SERIE
Mención de serie Biblioteca breve de bolsillo
-- Libro de enlace
Designación de volumen o secuencia 17
534 ## - NOTA SOBRE LA VERSIÓN ORIGINAL
Encabezamiento principal del original Título original :
Mención de título del original Eros and civilization: a philosophical inquiry into Freud
830 #0 - PUNTO DE ACCESO ADICIONAL DE SERIE-TÍTULO UNIFORME
Título uniforme Biblioteca breve de bolsillo
Designación de volumen o secuencia 17
9 (RLIN) 61362
Holdings
Estado de retiro Estado de pérdida Restricciones de uso No para préstamo Código de colección Localización permanente Ubicación/localización actual Ubicación en estantería Fecha de adquisición Número de inventario Total de préstamos Signatura topográfica completa Código de barras Fecha visto por última vez Precio válido a partir de Tipo de ítem Koha
        Monografías: Libros y Folletos General General Orden iniciada 02.11.2011 LF1   xxxx M322e 35484-10 25.06.2020 25.06.2020 No se presta

Powered by Koha